| 000 | 00817cam8a220022900 4500 | ||
|---|---|---|---|
| 001 | qcf00664204 | ||
| 005 | 20190815095503.0 | ||
| 008 | 840211s1930 be abf 000 0 fre d | ||
| 035 | _a(Sirsi) r118776 | ||
| 035 | _a(QCAT)lss04010931 | ||
| 035 | _a(UPRA)qcf00664204 | ||
| 040 | _dUPRA | ||
| 043 | _af-cg--- | ||
| 100 | 1 |
_aSoyer, Victor. _6A84060.1 |
|
| 245 | 1 | 2 |
_aL'organisation actuelle des transports au Congo Belge / _c[Texte de Victor Soyer]. |
| 260 |
_aBruxelles : _bComite permanent de coordination des transports au Congo, _c1930. |
||
| 500 | _aAuthor from colophon. | ||
| 650 | 0 |
_aTransportation -- Zaire. _zTransportation -- Zaire. _6S60568.1 |
|
| 710 | 2 |
_aComite permanent de coordination des transports au Congo. _6A84061.1 |
|
| 949 |
_aHE286.7 _wlcc _i-171010 _mMAIN _tBOOK _lON-SHELF |
||
| 004 | 118776 | ||
| 999 |
_c61220 _d61219 |
||